Nietzsche y el nihilismo

Saved in:
Bibliographic Details
Main Author: Ferraris, Maurizio (Author)
Format: Book
Language:Spanish
Published: Madrid, España Akal 2000
Series:Historia del Pensamiento y la Cultura, 43
Subjects:
Tags: Add Tag
No Tags, Be the first to tag this record!

MARC

LEADER 00000cam a2200000 a 4500
001 UCE8487
003 CL-VaPUC
005 20230710123200.0
008 150806e20000000sp |||||||||||||||||spa|d
999 |c 360332  |d 360330 
020 |a 8446012901 
040 |c Pontificia Universidad Católica de Valparaíso 
082 0 4 |a 193 FER 2000  |2 21 
100 0 |a Ferraris, Maurizio  |e author  |9 581185 
245 1 0 |a Nietzsche y el nihilismo 
260 |a Madrid, España  |b Akal  |c 2000 
300 |a 85 páginas 
490 0 |a Historia del Pensamiento y la Cultura,  |v  43 
583 |a last modification  |c 20150806 12:26:00  |k Rodrigo Vera 
650 0 |a Filosofía alemana   |9 265002 
650 0 |a Filosofía contemporánea  |9 265372 
650 0 |a Nihilismo  |9 265670 
942 |c BK  |2 ddc 
945 |d 20150806 12:26:00  |a gsalatino 
952 |0 0  |1 0  |2 ddc  |3 erb  |4 0  |6 193_000000000000000_FER_2000  |7 0  |8 A  |9 470059  |a BIBEDU  |b BIBEDU  |i 5193125  |o 193 FER 2000  |p 5193125  |r 2019-11-23  |t 1  |w 2019-11-23  |y BK  |z Catalogado en:20150806  |k FIL